000 00699nam a2200289Ia 4500
005 20260324120157.0
008 008 260324s9999 xx 000 0 eng d
020 _a9781315773902
037 _aEBOOK
040 _aCRL
040 _beng
040 _cCRL
041 _2eng
041 _aeng
084 _qCRL
100 _aLyn McGaurr
_91157538
245 0 _aEnvironmental Communication and Travel Journalism
245 0 _bConsumerism, Conflict and Concern
260 _bTaylor and Francis
260 _c2015
365 _a
365 _b240
856 _uhttp://www.taylorfrancis.com/books/9781315773902
942 _cEBOOK
999 _c1748914
_d1748914